000 01888nam a2200253Ia 4500
003 Ost
005 20260507075310.0
008 260507s9999||||xx |||||||||||||| ||und||
020 _a945438977
040 _cfsecg
041 _aara
082 _a330
100 _aمرعي، عطية عبد الحي
_eمؤلف
245 0 _aفي إدارة التكلفة لأغراض قياس تكلفة الانتاج و الخدمات و التخطيط و الرقابة :
_bتطبيقات باستخدام برنامج excel -xp /
_c عطية عبد الحي مرعي
260 _aالاسكندرية:
_bالمكتب الجامعي الحديث,
_c2008
300 _a434 صفحة؛
_bإيضاحات ؛
_c25 سم
520 _aمفهوم ومضمون التكلفة و تحليل سلوك عناصرها و خصائص و إجراءات و محددات تطبيق أنظمةتكاليف المراحل ، إجراءات قياس تكلفة الانتاج النكطي في حالة انتظام إظافة عناصر التكلفة و في حالات عدم انتظام إضافة عناصر التكاليف و في حالة وجود مسموحات و خسائر تشغيل و تعدد المنتجات ، محاسبة المسؤولية و أساليب و مستويات الرقابة ، مفاهيم و خصائص نموذج التكاليف المعيارية و معايير التلكفة و تحليل إنحرافات عناصر الاستخدامات المباشرة ، معايير التكلفة المباشرة و تحليل الانحرافات في ضوء ظروف واقعية و الرقابة باستخدام الموازنات و قياس تكلفة الانتاج معياريا.
653 _aالادارة
653 _aالانتاج
653 _aالتخطيط
653 _aالتكاليف ــ ادارة
653 _aالرقابة
942 _cكتاب
999 _c43857
_d43857